Schweizerpsalm alle Strophen - Statistiken

Allgemein
  • Dieses Quiz wurde 132 mal gespielt
  • Das Durchschnittsergebnis liegt bei 35 aus 89
Antwortstatistiken
Lyrics % Korrekt
im
97%
Im
97%
ich
92%
Morgenrot
92%
seh'
91%
dich
89%
dich,
89%
du
89%
du,
89%
daher,
88%
Strahlenmeer,
88%
der
79%
Trittst
78%
Hocherhabener,
76%
tritt
76%
Schweizer,
75%
Vaterland,
75%
Vaterland.
75%
Wenn
75%
betet!
72%
betet,
72%
freie
72%
Gott
72%
Gott,
72%
sich
72%
rötet,
71%
fromme
70%
Seele
70%
Herrlicher!
64%
ahnt
63%
ahnt,
63%
Alpenfirn
63%
eure
63%
Eure
63%
hehren
51%
den
46%
Herrn,
45%
Kommst
37%
die
36%
und
28%
Denn
24%
denn
24%
in
24%
In
24%
uns
24%
dem
21%
Abendglühn
20%
Ja,
20%
ja,
20%
bist
17%
Sonne
17%
kann
16%
Sturm
16%
wilden
16%
Wolkenmeer,
16%
des
14%
Fährst
13%
find'
13%
froh
12%
Liebender!
12%
Menschenfreundlicher,
12%
Nebelflor
12%
such'
12%
allmächtig
11%
Aus
11%
Ewiger!
11%
Hort
11%
selbst
11%
träumen!
11%
Waltender,
11%
Wehr,
11%
Ziehst
11%
Himmels
9%
klar
9%
Lasst
9%
lichten
9%
milde,
9%
Räumen
9%
Sternenheer,
9%
Unergründlicher,
9%
vertrauen!
9%
Gewitternacht
8%
grauen
8%
Grauen
8%
ihm
8%
kindlich
8%
Luftgebilde
8%
Rettender!
8%
selig
8%
Keine übereinstimmenden Quizze gefunden
Verteilung der Resultate
Anzahl Personen mit jedem Resultat
Perzentil nach korrekt beantworteten Fragen
Ihre Resultats-Entwicklung
Sie haben dieses Quiz noch nicht gespielt